Т. 2: Термодинамика и поверхностное натяжение расплавленных солей; Справочник по расплавленным солям

Bibliografiske detaljer
Parent link:Справочник по расплавленным солям: пер. с англ./ ред. перевода А. Г. Морачевский. Т. 2: Термодинамика и поверхностное натяжение расплавленных солей.— , 1971-1974
Sprog:russisk
Udgivet: 1972
Fag:
Format: Bog
KOHA link:https://koha.lib.tpu.ru/cgi-bin/koha/opac-detail.pl?biblionumber=45132

MARC

LEADER 00000nam2a2200000 4500
001 45132
005 20231101210930.0
035 |a (RuTPU)RU\TPU\book\46885 
035 |a RU\TPU\book\46884 
090 |a 45132 
100 |a 20021202d1972 km y0rusy50 ca 
101 1 |a rus 
102 |a RU 
105 |a y g 001zy 
200 0 |a Т. 2: Термодинамика и поверхностное натяжение расплавленных солей 
210 |d 1972 
215 |a 159 с. 
320 |a Библиогр.: с. 77-80, 152-156. 
461 1 |0 (RuTPU)RU\TPU\book\46883  |t Справочник по расплавленным солям  |o пер. с англ.  |f ред. перевода А. Г. Морачевский  |v Т. 2: Термодинамика и поверхностное натяжение расплавленных солей  |d 1971-1974 
606 1 |a Соли расплавленные  |2 stltpush  |3 (RuTPU)RU\TPU\subj\70578  |9 84797 
610 1 |a химия 
610 1 |a термодинамика 
610 1 |a поверхностное натяжение 
610 1 |a справочники 
675 |a 546-38(035)  |v 3 
801 1 |a RU  |b 63413507  |c 20021202  |g PSBO 
801 2 |a RU  |b 63413507  |c 20151202  |g PSBO 
942 |c BK